|
|
|
|
| LEADER |
00951nam a2200253 a 4500 |
| 001 |
847679 |
| 008 |
111024s1997 mdua b 001 0 eng |
| 010 |
|
|
|a 78014735
|
| 020 |
|
|
|a 0914894226
|
| 040 |
|
|
|a DLC
|c DLC
|d DLC
|d BD-DhAAL
|
| 082 |
0 |
0 |
|a 519.4
|2 21
|
| 100 |
1 |
|
|a Horowitz, Ellis.
|
| 245 |
1 |
0 |
|a Fundamentals of computer algorithms /
|c Ellis Horowitz, Sartaj Sahni.
|
| 260 |
|
|
|a Potomac, Md. :
|b Computer Science Press ;
|a New Delhi :
|g algotia,
|c c1997.
|
| 300 |
|
|
|a xiv, 626 p. :
|b ill. ;
|c 24 cm.
|
| 504 |
|
|
|a Includes bibliographical references and index.
|
| 541 |
|
|
|e 00006598
|
| 650 |
|
0 |
|a Computer programming.
|
| 650 |
|
0 |
|a Computer algorithms.
|
| 700 |
1 |
|
|a Sahni, Sartaj,
|e joint author.
|
| 852 |
1 |
|
|a Ayesha Abed Library
|c General shelf.
|
| 942 |
0 |
0 |
|0 1
|
| 999 |
|
|
|c 11352
|d 11352
|
| 952 |
|
|
|0 0
|1 0
|2 ddc
|4 0
|6 519_400000000000000_HOR
|7 0
|9 18463
|a BRACUL
|b BRACUL
|c GEN
|d 2011-10-26
|l 4
|m 29
|o 519.4 HOR
|p 3010006598
|r 2016-12-19
|s 2016-07-16
|t 1
|w 2011-10-26
|y BK
|